000 01788nam a2200265Ia 4500
008 260220t1997||||xx |||||||||||||| ||spa||
020 _a8423972437
040 _aPY-SlUNAC
_bspa
_erda
041 _aspa
082 _a860
_bJ564sa
100 _aJimenez, Juan Ramón
_eAutor
245 0 _aSegunda antología poética (1898-1918) /
_cpor Juan Ramón Jimenez [Autor]
250 _aDecimoséptima edición
264 _aMadrid :
_bEspasa-Calpe,
_c℗1997.
300 _a1 volumen
520 _aLa "Segunda antología poética (1898-1918)" de Juan Ramón Jiménez es una compilación significativa que reúne una selección de sus obras más representativas durante un periodo crítico de su evolución literaria. Este volumen abarca la transición del poeta hacia un estilo más depurado y lírico, reflejando su búsqueda constante de la belleza y la verdad a través de la palabra. Jiménez, influenciado por el modernismo y el simbolismo, explora temas como la naturaleza, el amor y la existencia, empleando una musicalidad y un simbolismo que invitan a la reflexión. A lo largo de esta antología, el autor manifiesta su compromiso con la poesía como forma de conocimiento y experiencia, al tiempo que establece un diálogo con sus contemporáneos y con la tradición literaria. La obra se erige no solo como un testimonio de su madurez artística, sino también como un referente fundamental en la literatura española del siglo XX, subrayando su contribución al modernismo y su influencia en generaciones posteriores de poetas.
653 _aAntologías
653 _aLiteratura
653 _aPoesía
942 _b2026/02/17
_cBK
999 _c9165
_d9165